Anything but Estonia Quiz Stats

 Plays Quiz Updated Jul 2, 2018

Score 0/41 Timer 06:00
3 Plays Today
Hint Answer % Correct
Border a European country with 'R' capital*Russia
91.6%
Have a male to female ratio of < 0.9Russia
91.2%
Border a European country with 'R' capital*Lithuania
90.8%
Have a male to female ratio of < 0.9Lithuania
90.5%
Have a flag with 3 horizontal stripes (and nothing else) in Europe**Russia
90.2%
Have a flag with 3 horizontal stripes (and nothing else) in Europe**Lithuania
89.6%
Have their capital on the Baltic SeaFinland
87%
Have their capital on the Baltic SeaSweden
86.8%
Start with 'E'Eritrea
84.4%
Start with 'E'Ethiopia
81.6%
Start with 'E'Ecuador
80.8%
Border a European country with 'R' capital*France
80.8%
Have their capital on the Baltic SeaDenmark
80.5%
Have a flag with 3 horizontal stripes (and nothing else) in Europe**Germany
78.8%
Have a flag with 3 horizontal stripes (and nothing else) in Europe**Latvia
77%
Border a European country with 'R' capital*Austria
76.3%
Border a European country with 'R' capital*Belarus
75.3%
Have their capital on the Baltic SeaLatvia
74.8%
Have a male to female ratio of < 0.9Belarus
74.7%
Have a male to female ratio of < 0.9Latvia
74.4%
Border a European country with 'R' capital*Switzerland
72.8%
Hint Answer % Correct
Border a European country with 'R' capital*Slovenia
70.7%
Have a flag with 3 horizontal stripes (and nothing else) in Europe**Netherlands
67.8%
Border a European country with 'R' capital*Vatican City
65.3%
Start with 'E'El Salvador
65.2%
Border a European country with 'R' capital*San Marino
65.1%
Start with 'E'Egypt
64.8%
Have a flag with 3 horizontal stripes (and nothing else) in Europe**Austria
63.5%
Start with 'E'Equatorial Guinea
60.9%
Have a flag with 3 horizontal stripes (and nothing else) in Europe**Hungary
58%
Have a male to female ratio of < 0.9Ukraine
55.1%
Have a flag with 3 horizontal stripes (and nothing else) in Europe**Bulgaria
53.2%
Have a flag with 3 horizontal stripes (and nothing else) in Europe**Luxembourg
49.5%
Have 2 sets of double letters in their capitalAndorra
33.7%
Start with 'E'eSwatini
32.9%
Have 2 sets of double letters in their capitalMalta
32.3%
Have 2 sets of double letters in their capitalMongolia
28.4%
Have a male to female ratio of < 0.9Armenia
17.6%
Have 2 sets of double letters in their capitalRepublic of the Congo
14.1%
Have 2 sets of double letters in their capitalSaint Kitts and Nevis
12.5%
Have a male to female ratio of < 0.9Djibouti
2.8%

You're not logged in!

Compare scores with friends on all Sporcle quizzes.
OR
Log In

Show Comments

Extras

Top Quizzes Today


Score Distribution

Your Account Isn't Verified!

In order to create a playlist on Sporcle, you need to verify the email address you used during registration. Go to your Sporcle Settings to finish the process.

Report this User

Report this user for behavior that violates our Community Guidelines.

Details: